Регионална библиотека "Любен Каравелов" - Русе

Париж (Запис номер 376162)

MARC детайли
000 -Лидер
Контролно поле с фиксирана дължина 00795nam a2200241 a 4500
003 - Код на организацията, давaща контролен номер
Контролно поле BLK
005 - Дата и час на последна редакция
Контролно поле 20241029115119.0
008 - Елементи от данни с фиксирана дължина
fixed length control field 200721b bu ||||| |||| 00| 0 bu d
040 ## - Източник на каталожния запис
Идентификатор на билиотеката - собственик на записа BLK
041 ## - Код за език
Код за езика на текст/звукозапис или на отделно заглавие Български
Код за езика КДБФ Български
080 ## - УДК
Текстов определител УДК Френска литература
УДК код - определител по УДК 821.133.1
УДК определител -31
УДК - код + определител 821.133.1-31
100 ## - Редна дума - Автор
Автор Зола, Емил
Дати, свързани с автора 1840-1902
R(LIN) 363335
139 ## - Редно поле
Редна дума Зола, Емил
245 ## - Сведения за заглавието
Заглавие Париж
Подзаглавни данни Роман
Редно поле (дума) Емил Зола ; Прев. от орг. Дим. Симидов
260 ## - Област на издателските данни
9 (RLIN) 216270
Място на издаване, разпространение и проч. София
Име на издателя, разпространителя и проч. Четиво
Година на издаване 1946
300 ## - Физическа характеристика
Страници 718 с.
Размери/Мащаб 25 см
380 ## - Жанр
Жанр Худож. лит.
500 ## - Общи забележки
Забележка 1. изд. 1928. - 4 000 тир.
700 ## - Други автори (авторска отговорност)
9 (RLIN) 377714
Лично име Симидов, Димитър
Автороска отговорност (Описва отношението между автора и произведението) прев.
852 ## - Местоположение
Форматна сигнатура Цб I 115
Фондова буква Хранилище
999 ## - СИСТЕМНИ КОНТРОЛНИ НОМЕРА
Koha biblionumber 376162
Koha biblioitemnumber 376162
942 ## - АРТИКУЛИ
Вид на библиотечния материал Книги
Скрит в OPAC Не
Периодичен библиозапис Да
944 ## - СЪЗДАВАНЕ И РЕДАКЦИЯ на ЗАПИСА
Създаване/Редакция Създаване
Дата на регистрацията/редакция 2020-07-21
Служител, извършил регистрацията/редакцията 30540
Статус, дата на статуса Севдалина Тодорова
Наличности
Код за отписване Код за изгубен артикул Източник на класификационната схема Код за повреда Коз за рестрикции Код за отдаване Артикулен № Име на библиотеката - собственик Име на библиотеката, в която се намира в момента Статус (Текущо местоположение) Дата на вписване в системата Местоположение - отдел Цена в лева Инвентарен номер Систематично азбучна сигнатура Баркод Цена в евро Служебен тип на артикула
  Не е изгубен Universal Decimal Classification Не е повреден без рестрикции ползва се в читалня 785550 Регионална библиотека "Любен Каравелов" Русе Регионална библиотека "Любен Каравелов" Русе Хранилище 2020-07-23 Хранилище 2.45 167203 Цб І 115 900000020351 1.25 Книги
Vip Innovations Ltd, Rousse, Bulgaria 2025